1770 1607 1446 1561 1058 1527 1712 1631 1294 1523 1216 1087 1073 1018 1500 1467 1108 1507 1752 1615 1033 1728 1429 1521 1829 1904 1745 1823 1912 1422 1637 1682 1964 1301 1256 1525 1058 1034 1612 1211 1601 1486 1105 1164 1148 1428 1476 1532 1298 1154 1750 1844 1933 1295 1435 1986 1621 1382 1779 1744 1133 1714 1280 1048 1078 1132 1883 1636 1855 1359 1438 1326 1815 1786 1254 1521 1700 1997 1480 1559 1248 1386 1668 1946 1954 1813 1649 1449 1847 1057 1763 1489 1814 1443 1531 1852 1694 1910 1260 BCNSPRNW ULIB Ver.6.0+V

เปลี่ยนเป็นภาษาไทย

Change to English
 แสดงรายละเอียดบรรณานุกรม
  กลับหน้าหลัก

Brief Record : Get Marc (ISO 2709) : E-mail record : QR code < ปิดหน้าต่าง
LEADER : 00000nam 2200000uu 4500
001    13399114712
003     ULIB
008    120110s2554||||th 000 0 tha d
099    วจ.WY18^bศ287ก
100 0  ศศิธร ชิดนายี
245 00 การประเมินหลักสูตรพยาบาลศาสตรบัณฑิต พ.ศ.2545/^cศศิธร ชิดนายี และ มณฑา อุดมเลิศ
260    อุตรดิตถ์ :^bวิทยาลัยพยาบาลบรมราชชนนี อุตรดิตถ์,^c2554
300    108 หน้า :^bตาราง
500    รายงานการวิจัย
650  7 หลักสูตรพยาบาลศาสตร์บัณฑิต พ.ศ.2545^xประเมิน^xวิจัย
700 0  มณฑา อุดมเลิศ
710 1  วิทยาลัยพยาบาลบรมราชชนนี อุตรดิตถ์
945    ^p0^l0^i031726
995    ทศพร
999 ^a ทศพร
รายการนี้ยังไม่มีแท็ก
คุณยังไม่ได้ล็อกอิน คุณสามารถมีกิจกรรมร่วมกับเว็บไซต์ได้ แต่ต้องล็อกอินก่อน ::
  ล็อกอิน

รายการสื่อสารสนเทศ

ลำดับที่ ประเภท เลขเรียก/บาร์โค้ด สถานที่ สถานะ
1. งานวิจัย
งานวิจัย
วจ.WY18 ศ287ก ฉ.1 
  Barcode: 031726
ห้องสมุดวิทยาเขตสวรรค์ประชารักษ์
►วิจัย
บนชั้น

รายการใกล้เคียง
    ผู้แต่ง [ศศิธร ชิดนายี]

BibComment


ยังไม่เคยถูกคอมเมนท์

คอมเมนท์ทรัพยากรรายการนี้
  คอมเมนท์: การประเมินหลักสูต..


 Copyright 2026. Bcnsprnw @Library